<?xml version="1.0" encoding="UTF-8"?>
<record
    xmlns:xsi="http://www.w3.org/2001/XMLSchema-instance"
    xsi:schemaLocation="http://www.loc.gov/MARC21/slim http://www.loc.gov/standards/marcxml/schema/MARC21slim.xsd"
    xmlns="http://www.loc.gov/MARC21/slim">

  <leader>01138nam a22003135a 4500</leader>
  <controlfield tag="003">OSt</controlfield>
  <controlfield tag="005">20170709154633.0</controlfield>
  <controlfield tag="008">170615s2016    sy     frb    000 0 ara d</controlfield>
  <datafield tag="020" ind1=" " ind2=" ">
    <subfield code="a">9789933505592</subfield>
  </datafield>
  <datafield tag="040" ind1=" " ind2=" ">
    <subfield code="a">EG-ScBUE </subfield>
    <subfield code="b">ara</subfield>
    <subfield code="c">EG-ScBUE </subfield>
  </datafield>
  <datafield tag="041" ind1="1" ind2=" ">
    <subfield code="a">ara</subfield>
    <subfield code="h">und</subfield>
  </datafield>
  <datafield tag="082" ind1="0" ind2="4">
    <subfield code="2">22</subfield>
    <subfield code="a">320</subfield>
    <subfield code="b">&#x62A; &#x627; &#x646;</subfield>
  </datafield>
  <datafield tag="100" ind1="1" ind2=" ">
    <subfield code="a">&#x62A;&#x627;&#x646;&#x633;&#x64A;&#x60C; &#x633;&#x62A;&#x64A;&#x641;&#x646; &#x62F;.</subfield>
  </datafield>
  <datafield tag="245" ind1="1" ind2="0">
    <subfield code="a">&#x623;&#x633;&#x627;&#x633;&#x64A;&#x627;&#x62A; &#x639;&#x644;&#x645; &#x627;&#x644;&#x633;&#x64A;&#x627;&#x633;&#x629; / </subfield>
    <subfield code="c">&#x62A;&#x623;&#x644;&#x64A;&#x641; &#x633;&#x62A;&#x64A;&#x641;&#x646; &#x62F;. &#x62A;&#x627;&#x646;&#x633;&#x64A;&#x60C; &#x646;&#x627;&#x64A;&#x62C;&#x644; &#x62C;&#x627;&#x643;&#x633;&#x648;&#x646; &#x61B; &#x646;&#x642;&#x644;&#x647; &#x625;&#x644;&#x649; &#x627;&#x644;&#x639;&#x631;&#x628;&#x64A;&#x629; &#x645;&#x62D;&#x64A;&#x64A; &#x627;&#x644;&#x62F;&#x64A;&#x646; &#x62D;&#x645;&#x64A;&#x62F;&#x64A;.</subfield>
  </datafield>
  <datafield tag="250" ind1=" " ind2=" ">
    <subfield code="a">&#x637;. 1.</subfield>
  </datafield>
  <datafield tag="260" ind1=" " ind2=" ">
    <subfield code="a"> :&#x62F;&#x645;&#x634;&#x642;</subfield>
    <subfield code="b">&#x62F;&#x627;&#x631; &#x627;&#x644;&#x641;&#x631;&#x642;&#x62F;&#x60C;</subfield>
    <subfield code="c">2016.</subfield>
  </datafield>
  <datafield tag="300" ind1=" " ind2=" ">
    <subfield code="a">317 &#x635;. &#x61B;</subfield>
    <subfield code="c">24 &#x633;&#x645;.</subfield>
  </datafield>
  <datafield tag="504" ind1=" " ind2=" ">
    <subfield code="a">&#x64A;&#x634;&#x62A;&#x645;&#x644; &#x639;&#x644;&#x649; &#x625;&#x631;&#x62C;&#x627;&#x639;&#x627;&#x62A; &#x628;&#x628;&#x644;&#x64A;&#x648;&#x62C;&#x631;&#x627;&#x641;&#x64A;&#x629;.</subfield>
  </datafield>
  <datafield tag="541" ind1=" " ind2=" ">
    <subfield code="a">&#x625;&#x647;&#x62F;&#x627;&#x621; &#x645;&#x646; &#x623;. &#x645;&#x62D;&#x645;&#x62F; &#x641;&#x631;&#x64A;&#x62F; &#x62E;&#x645;&#x64A;&#x633;.</subfield>
  </datafield>
  <datafield tag="546" ind1=" " ind2=" ">
    <subfield code="a">&#x627;&#x644;&#x646;&#x635; &#x645;&#x62A;&#x631;&#x62C;&#x645; &#x625;&#x644;&#x649; &#x627;&#x644;&#x644;&#x63A;&#x629; &#x627;&#x644;&#x639;&#x631;&#x628;&#x64A;&#x629;.</subfield>
  </datafield>
  <datafield tag="590" ind1=" " ind2=" ">
    <subfield code="a">&#x639;&#x644;&#x64A;&#x627;&#x621; &#x639;&#x627;&#x62F;&#x644;</subfield>
  </datafield>
  <datafield tag="650" ind1=" " ind2="7">
    <subfield code="2">BUEsh</subfield>
    <subfield code="a">&#x627;&#x644;&#x633;&#x64A;&#x627;&#x633;&#x629;.</subfield>
  </datafield>
  <datafield tag="651" ind1=" " ind2=" ">
    <subfield code="2">BUEsh</subfield>
  </datafield>
  <datafield tag="653" ind1=" " ind2=" ">
    <subfield code="b">BUSBOL</subfield>
    <subfield code="c">June2017</subfield>
  </datafield>
  <datafield tag="655" ind1=" " ind2=" ">
    <subfield code="v">Reading book</subfield>
    <subfield code="9">34232</subfield>
  </datafield>
  <datafield tag="700" ind1="1" ind2=" ">
    <subfield code="a">&#x62C;&#x627;&#x643;&#x633;&#x648;&#x646;&#x60C; &#x646;&#x627;&#x64A;&#x62C;&#x644;.</subfield>
  </datafield>
  <datafield tag="700" ind1="1" ind2=" ">
    <subfield code="a">&#x62D;&#x645;&#x64A;&#x62F;&#x64A;&#x60C; &#x645;&#x62D;&#x64A;&#x64A; &#x627;&#x644;&#x62F;&#x64A;&#x646;&#x60C;</subfield>
    <subfield code="e">&#x645;&#x62A;&#x631;&#x62C;&#x645;.</subfield>
    <subfield code="9">17717</subfield>
  </datafield>
  <datafield tag="942" ind1=" " ind2=" ">
    <subfield code="2">ddc</subfield>
  </datafield>
  <datafield tag="999" ind1=" " ind2=" ">
    <subfield code="c">24906</subfield>
    <subfield code="d">24878</subfield>
  </datafield>
  <datafield tag="952" ind1=" " ind2=" ">
    <subfield code="0">0</subfield>
    <subfield code="1">0</subfield>
    <subfield code="2">ddc</subfield>
    <subfield code="4">0</subfield>
    <subfield code="7">0</subfield>
    <subfield code="a">MAIN</subfield>
    <subfield code="b">MAIN</subfield>
    <subfield code="c">1ST</subfield>
    <subfield code="d">2017-06-15</subfield>
    <subfield code="e">Donation</subfield>
    <subfield code="o">320 &#x62A; &#x627; &#x646;</subfield>
    <subfield code="p">000041960</subfield>
    <subfield code="r">2025-07-15 00:00:00</subfield>
    <subfield code="s">2019-02-25</subfield>
    <subfield code="x">&#x625;&#x647;&#x62F;&#x627;&#x621; &#x645;&#x646; &#x623;. &#x645;&#x62D;&#x645;&#x62F; &#x641;&#x631;&#x64A;&#x62F; &#x62E;&#x645;&#x64A;&#x633;.</subfield>
    <subfield code="y">BB</subfield>
  </datafield>
</record>
